Quizzes
Events
Quiz Creation
Community
Videos
Private Events
Remove Ads
Sign In
Join for FREE
Feedback
Dark Mode
Quiz Categories
Sports
Geography
Music
Movies
Television
Just For Fun
Miscellaneous
History
Literature
Language
Science
Gaming
Entertainment
Religion
Holiday
For Kids
Quiz Lab
Recent
Popular Today
Quiz Kudos Today
Editor Picks
Curator Picks
Quizzes by...
Day
Popularity
Type
Ratings
Length
Year
Community
Subscriptions
Recent Discussions
Orange Saloon
Badges
Playlists
Quests
Create
Leaderboards
Showdown
Live 5
Trivia Bingo
Activity
Puzzle Library
Sporcle Events
Private Events
Virtual Trivia
Globe League
Become a Host
Pub Owners
SporcleCon
Opinionation
Our Games
Videos
Blog
Mobile Apps
Partnerships
Remove Ads and Go Orange
Feedback
Language
Vocabulary
Begins and Ends
Definition
Spanish
French
German
Italian
Chinese
Latin
Translation
Japanese
Language
Vocabulary
Begins and Ends
Definition
Spanish
French
German
Italian
Chinese
Latin
Translation
Japanese
Random Quiz
Search Sporcle
×
Quiz Lab
Quiz Lab
Language
Ingle
Type in answers that appear in a list
Type in answers that appear in a list
Classic
Best Score? Go Orange.
Concordancia de nombres y adjetivos Franson Stats
Can you make the adjectives agree with the nouns?
By
Franson
5m
16 Questions
497 Plays
497 Plays
497 Plays
Comments
Comments
Give Quiz Kudos
Give Quiz Kudos
-
- Ratings
hide this ad
More Info
Replay
Link that replays current quiz
Next Quiz
Link to next quiz in quiz playlist
You Got
0%
They Got
Avg Score
72%
Avg Friend Score
Upgrade to see
Score Distribution
Jump to the score distribution portion of the page
Score
0/16
Timer
05:00
0
Plays Today
el adjetivo en inglés
el adjetivo en español
% Correct
un chico (tall)
alto
100%
las muchachas (pretty)
bonitas
87.5%
la gemela (ugly)
fea
82.7%
el tío (young)
joven
79.5%
unos padres (bad)
malos
77.5%
mis cuñados (interesting)
interesantes
75.3%
la nieta (important)
importante
73.6%
tus primos (honest)
honestos
72.8%
el adjetivo en inglés
el adjetivo en español
% Correct
unas abuelas (skinny)
flacas
71.6%
las hijastras (annoying)
molestas
68.6%
los esposos (handsome; good-
looking)
guapos
67.6%
la madrastra (big)
grande
66.4%
mis hermanas (lazy)
flojas
64.6%
una madre (old)
vieja
59.4%
unos bisabuelos (silly; foolish)
tontos
57.7%
los parientes (hard-
working)
trabajadores
51.7%
Quiz Playlist
Details
Report
Send in Message
Add To Playlist
More Info:
Escribe la forma correcta del adjetivo. Remember that adjectives must agree with the nouns they are describing!
Classic:
Type in answers that appear in a list
Last Updated: Feb 16, 2017
Quiz Scoreboard
CHALLENGE
Sign Up to Join the Scoreboard
Show All
Scores
Hide
Comments
May contain spoilers
Recently Published
Presidents Visiting Landmarks
by Hejman
History
7m
An Introduction to Baseball
by treessimontrees
Sports
5m
Movies - When Are They Set?
by FPL_Elf
Movies
5m
More to Explore
Quiz From the Vault
Featured Blog Post
Where Did the Easter Bunny Come From?
hide this ad
You Might Also Like...
Tags
Ingle
sombre
Today's Top Quizzes in Language
Browse Language
hide this ad
Top Contributed Quizzes in Language
1
1-10 Letter F Words III
2
Order Up: Top 10 Most Native Spoken Languages
3
1-10 Letter G Words III
4
1-10 Letter H Words III
5
One Thing in Common: Italy
6
Weisst du, aus welchen Sprachen diese Wörter stammen?
7
1-10 Letter I Words III
8
1-10 Letter J Words III
9
Celtic Nations in their Language
10
Begins and Ends With AN
Explore More
Trending Topics
Marvel
Harry Potter
Disney
NBA
Anime
Crossword
Kpop
Puzzle
NFL
WWE
Song
Soccer
Country
The Office
Pokémon
hide this ad
More By:
Franson
Quiz
Plays
Rating
Category
Featured
Created
Concordancia de nombres y adjetivos Franson
497
Language
Sep 4, 2014
Regular preterite, -car/-gar/-zar,
442
Language
Oct 9, 2014
Recomendaciones y emociones para la vida.
324
5.00
Language
Mar 3, 2016
La formación del subjuntivo
320
Language
Feb 8, 2015
Ser y Estar
281
4.00
Language
Oct 22, 2015
Go to Creator's Profile
Score Distribution
Quiz Creator Spotlight
Franson
Follow
Send a Message
Quizzes Created
-
Created Quiz Play Count
-
More By This Creator
Popular Quizzes Today
1
Find the US States - No Outlines Minefield
2
Find the Countries of Europe - No Outlines Minefield
3
The Countries of the World
4
Find the US States
5
Popular People in 1961
6
US States
7
Risky Map Clicking: Biggest States A-Z
8
1-10 Letter E Words III
More Language Quizzes
'H' in the Middle
Published
Trending Quizzes
Risky Map Clicking: Least Populous States A-Z
1-10 Letter G Words
1-10 Letter F Words
One Thing in Common: United Kingdom
Risky Map Clicking: Next State Alphabetically
Recently Updated
Leaping Animals
pecheneg
Reality TV Shows (A-Z)
bhenderson79
Rickey Henderson's Hall of Fame Teammates
pecheneg
Champions League XIs: Arsenal
pecheneg
Quick Pick: Celebrities in WWE's Hall of Fame
aduchscher
A-Z Keypad Blitz II
pecheneg
Multiple Oscar Actors
pecheneg
Mystery Phrase Blitz: Oscar 'Best Actors'
pecheneg
F. Scott Fitzgerald Novels
LTH
Pick 3 Villains
ddd62291
Trending Topics
Kpop
Disney
Anime
NBA
Marvel
Harry Potter
Crossword
WWE
Soccer
The Office
Pokémon
NFL
Song
Country
Puzzle
Your Account Isn't Verified!
In order to create a playlist on Sporcle, you need to verify the email address you used during registration. Go to your
Sporcle Settings
to finish the process.
Report this User
Report this user for behavior that violates our
Community Guidelines
.
Details:
Send Report
Go to the Sporcle.com Mobile Site →
Comments